[Event "Hofheim Spring op-B 4th"]
[Site "Hofheim"]
[Date "2016.04.01"]
[Round "7"]
[White "Schellen, Sven"]
[Black "Roessler, Jens Hagen"]
[Result "0-1"]
[WhiteElo "1822"]
[BlackElo "1596"]
[PlyCount "120"]
[EventDate "2016.03.30"]
[EventType "swiss"]
[EventRounds "9"]
[EventCountry "GER"]
[SourceTitle "EXT 2018"]
[Source "ChessBase"]
[SourceDate "2017.10.13"]
[SourceVersion "1"]
[SourceVersionDate "2017.10.13"]
[SourceQuality "1"]

1. d4 d5 2. c4 e6 3. Nf3 Nf6 4. g3 Be7 5. Bg2 0-0 6. 0-0 dxc4 7. Na3 Nc6 8. Nxc4 Rb8 9. Bf4 b6 10. Rc1 Nd5 11. Nce5 Nxe5 12. Nxe5 Bb7 13. e4 Nxf4 14. gxf4 c5 15. d5 exd5 16. exd5 Qd6 17. Qa4 Ra8 18. Rfe1 a6 19. Rcd1 b5 20. Qe4 Bf6 21. Nc6 g6 22. Ne7+ Kg7 23. Nf5+ gxf5 24. Qxf5 Rg8 25. Re3 Bxb2 26. Rg3+ Kf8 27. Rxg8+ Kxg8 28. Rd3 Bd4 29. Be4 Kf8 30. Rg3 h6 31. Qh7 Qxf4 32. Rf3 Qg5+ 33. Kf1 Qg7 34. Qf5 Rd8 35. Rg3 Bc8 36. Qh5 Qf6 37. Rf3 Qg7 38. Bg6 f6 39. Rg3 Ke7 40. Bf5 Qh8 41. Qe2+ Be5 42. Bxc8 Rxc8 43. f4 Rf8 44. Qg4 f5 45. Qe2 Rd8 46. Rg6 Rd6 47. Rg3 Rxd5 48. Re3 Kd6 49. a4 c4 50. axb5 axb5 51. fxe5+ Rxe5 52. Qd2+ Rd5 53. Qb4+ Rc5 54. Ra3 Qd4 55. Ra6+ Kd5 56. Qe1 Qf4+ 57. Kg1 Qg4+ 58. Kf1 Qf3+ 59. Kg1 Qe4 60. Qd1+ Qd4+ 0-1

[Event "Hofheim Spring op-B 4th"]
[Site "Hofheim"]
[Date "2016.03.31"]
[Round "5"]
[White "Schwarz, Matthias1111"]
[Black "Roessler, Jens Hagen"]
[Result "1-0"]
[WhiteElo "1683"]
[BlackElo "1596"]
[PlyCount "39"]
[EventDate "2016.03.30"]
[EventType "swiss"]
[EventRounds "9"]
[EventCountry "GER"]
[SourceTitle "EXT 2018"]
[Source "ChessBase"]
[SourceDate "2017.10.13"]
[SourceVersion "1"]
[SourceVersionDate "2017.10.13"]
[SourceQuality "1"]

1. e4 e6 2. d4 d5 3. Nc3 c5 4. exd5 cxd4 5. Qxd4 Nf6 6. Bb5+ Bd7 7. dxe6 fxe6 8. Bxd7+ Qxd7 9. Qxd7+ Nbxd7 10. Nf3 Bb4 11. Bd2 0-0 12. 0-0-0 Rad8 13. Rhe1 Ng4 14. Re2 Bc5 15. Ne4 Bb6 16. h3 Ngf6 17. Nfg5 Rde8 18. Bb4 Nxe4 19. Nxe4 Rf7 20. Nd6 1-0

[Event "Hofheim Spring op-B 4th"]
[Site "Hofheim"]
[Date "2016.03.30"]
[Round "2"]
[White "Deppe, Leo Max"]
[Black "Roessler, Jens Hagen"]
[Result "1-0"]
[WhiteElo "1856"]
[BlackElo "1596"]
[PlyCount "115"]
[EventDate "2016.03.30"]
[EventType "swiss"]
[EventRounds "9"]
[EventCountry "GER"]
[SourceTitle "EXT 2018"]
[Source "ChessBase"]
[SourceDate "2017.10.13"]
[SourceVersion "1"]
[SourceVersionDate "2017.10.13"]
[SourceQuality "1"]

1. d4 d5 2. c4 e6 3. Nc3 Nf6 4. Bg5 Be7 5. e3 0-0 6. cxd5 exd5 7. Bd3 c6 8. Nge2 Nbd7 9. Ng3 h6 10. Bf4 Nb6 11. b3 Bg4 12. f3 Be6 13. 0-0 Nh7 14. Nf5 Bxf5 15. Bxf5 Bg5 16. Ne2 Bxf4 17. Nxf4 Qe7 18. Re1 Rfe8 19. Bc2 Nf6 20. Qd3 Qd6 21. Nh3 Nbd7 22. Rad1 Re7 23. Nf2 Nf8 24. e4 dxe4 25. fxe4 Qf4 26. Re3 Ng4 27. Nxg4 Qxg4 28. Rg3 Qf4 29. Rf1 Qc7 30. e5 Rd8 31. Rf5 Ne6 32. Rf6 Kf8 33. Rxh6 Ke8 34. Rh8+ Kd7 35. Rxd8+ Qxd8 36. d5 cxd5 37. Qxd5+ Kc7 38. Qc4+ Kb8 39. Rd3 Qb6+ 40. Kf1 Qc7 41. Rc3 Re8 42. Qb5 Qe7 43. Rc4 Rc8 44. Rxc8+ Kxc8 45. Qc4+ Qc5 46. Bf5 Qxc4+ 47. bxc4 Kd7 48. Ke2 Ke7 49. Ke3 Nc5 50. Kd4 Ne6+ 51. Bxe6 Kxe6 52. g4 b6 53. a4 a6 54. h4 g6 55. h5 f5 56. exf6 Kxf6 57. hxg6 Kxg6 58. Kd5 1-0

[Event "Hofheim Spring op-B 2nd"]
[Site "Hofheim"]
[Date "2014.04.24"]
[Round "5"]
[White "Roessler, Jens Hagen"]
[Black "Ziegenfuss, Larissa"]
[Result "1/2-1/2"]
[WhiteElo "1678"]
[BlackElo "1303"]
[PlyCount "94"]
[EventDate "2014.04.22"]
[EventType "swiss"]
[EventRounds "9"]
[EventCountry "GER"]
[SourceTitle "CBM 160 Extra"]
[Source "ChessBase"]
[SourceDate "2014.07.01"]
[SourceVersion "1"]
[SourceVersionDate "2014.07.01"]
[SourceQuality "1"]

1. d4 d6 2. Nf3 Nf6 3. c4 Nbd7 4. Nc3 e5 5. Qc2 c6 6. Bg5 Be7 7. e3 Qc7 8. d5 0-0 9. Bd3 Nc5 10. 0-0 Bg4 11. Bxf6 Bxf6 12. Bxh7+ Kh8 13. Be4 Qd7 14. Nd2 cxd5 15. Nxd5 Be7 16. Nxe7 Qxe7 17. Bf3 Bxf3 18. Nxf3 Rac8 19. Qf5 Ne6 20. b3 Kg8 21. Rad1 Rfd8 22. g3 Rc6 23. Rd2 a6 24. Rfd1 Nf8 25. Nxe5 Rc5 26. Qxf7+ Qxf7 27. Nxf7 Kxf7 28. Rxd6 Rxd6 29. Rxd6 Ke7 30. Rd5 Ne6 31. f4 Rxd5 32. cxd5 Nc7 33. e4 Nb5 34. e5 b6 35. Kf2 Nc3 36. d6+ Ke6 37. a3 Nb1 38. f5+ Kd7 39. a4 Nd2 40. Ke3 Nxb3 41. Ke4 Nc5+ 42. Kd5 a5 43. e6+ Kd8 44. g4 Nxa4 45. Kc4 Nc5 46. g5 a4 47. Kb4 Ne4 1/2-1/2

[Event "Hofheim Spring op-B 1st"]
[Site "Hofheim"]
[Date "2013.04.06"]
[Round "8"]
[White "Heymann, Walter"]
[Black "Roessler, Jens Hagen"]
[Result "1-0"]
[WhiteElo "1851"]
[BlackElo "1627"]
[PlyCount "81"]
[EventDate "2013.04.02"]
[EventType "swiss"]
[EventRounds "9"]
[EventCountry "GER"]
[SourceTitle "EXT 2018"]
[Source "ChessBase"]
[SourceDate "2017.10.13"]
[SourceVersion "1"]
[SourceVersionDate "2017.10.13"]
[SourceQuality "1"]

1. f4 g6 2. Nf3 Bg7 3. e3 d5 4. d4 Nf6 5. Bd3 Nc6 6. c3 Bd7 7. 0-0 e6 8. b3 0-0 9. Ba3 Re8 10. Bb2 b6 11. Nbd2 Ne7 12. Ne5 Nf5 13. Qe1 c5 14. a4 a6 15. Rc1 c4 16. Bxf5 exf5 17. bxc4 Bxa4 18. cxd5 Nxd5 19. c4 Nb4 20. Ndf3 Nc2 21. Qf2 f6 22. Rxc2 Bxc2 23. Qxc2 fxe5 24. fxe5 Rc8 25. Qb3 Kh8 26. Rc1 a5 27. Qb5 h6 28. g3 Re7 29. Ba3 Rec7 30. Qxb6 Rb8 31. Qd6 Kh7 32. Qxd8 Rxd8 33. Bd6 Rb7 34. Rc2 Kg8 35. c5 Kf7 36. c6 Ra7 37. c7 Rc8 38. d5 Bf8 39. e6+ Ke8 40. Bxf8 Kxf8 41. d6 1-0

[Event "Eschborn op 08th"]
[Site "Eschborn"]
[Date "2011.05.14"]
[Round "2"]
[White "Roessler, Jens Hagen"]
[Black "Czikuss, Hans Joachim"]
[Result "0-1"]
[WhiteElo "1616"]
[BlackElo "1947"]
[PlyCount "84"]
[EventDate "2011.05.13"]
[EventType "swiss"]
[EventRounds "5"]
[EventCountry "GER"]
[SourceTitle "EXT 2014"]
[Source "ChessBase"]
[SourceDate "2013.11.20"]
[SourceVersion "1"]
[SourceVersionDate "2013.11.20"]
[SourceQuality "1"]

1. d4 Nf6 2. c4 e6 3. Nf3 b6 4. Bg5 Bb7 5. e3 Be7 6. Be2 0-0 7. 0-0 d5 8. Nc3 c5 9. dxc5 bxc5 10. Rc1 Nbd7 11. b3 h6 12. Bf4 Rc8 13. Nb5 Qb6 14. h3 Rfd8 15. Qc2 d4 16. exd4 Bxf3 17. dxc5 Bxc5 18. Bxf3 a6 19. Nc3 Bd4 20. Ne4 Nxe4 21. Qxe4 Nc5 22. Qe2 Nd3 23. Rc2 Nxf4 24. Qe4 Ng6 25. Qb7 Rb8 26. Qxb6 Bxb6 27. c5 Bc7 28. Rb1 a5 29. a3 Rd4 30. Rcb2 Ne5 31. Be2 Nc6 32. Bf3 Ne5 33. b4 Nxf3+ 34. gxf3 Rc4 35. bxa5 Rxb2 36. Rxb2 Bxa5 37. Rb5 Bc7 38. Kf1 Kf8 39. Ke2 Ke8 40. Kd3 Ra4 41. Rb3 Kd7 42. Kc3 Kc6 0-1

[Event "Leutersdorf Muench Braeu op 10th"]
[Site "Leutersdorf"]
[Date "2005.02.??"]
[Round "6"]
[White "Roessler, Jens Hagen"]
[Black "Boos, Philipp"]
[Result "0-1"]
[WhiteElo "1166"]
[BlackElo "1455"]
[PlyCount "102"]
[EventDate "2005.02.05"]
[EventType "swiss"]
[EventRounds "9"]
[EventCountry "GER"]
[SourceTitle "CBM 104 Extra"]
[Source "ChessBase"]
[SourceDate "2005.03.01"]
[SourceVersion "1"]
[SourceVersionDate "2005.03.01"]
[SourceQuality "1"]

1. d4 Nf6 2. c4 c5 3. Nf3 e6 4. Bg5 Be7 5. e3 d6 6. Nc3 Nbd7 7. Be2 b6 8. Rb1 Bb7 9. 0-0 0-0 10. b4 cxb4 11. Rxb4 d5 12. Rb2 dxc4 13. Bxc4 Bxf3 14. Qxf3 Rc8 15. Qe2 Qc7 16. Bb5 Bd6 17. Bxd7 Bxh2+ 18. Kh1 Nxd7 19. Nb5 Qb8 20. Qg4 f5 21. Qh4 Bc7 22. Nxc7 Qxc7 23. Bf4 Qc4 24. Kg1 Rf6 25. Bg5 Rg6 26. Qf4 Qc6 27. f3 Qc3 28. Rbf2 h6 29. Qd6 Qc7 30. Bf4 Qxd6 31. Bxd6 Rc6 32. Ba3 Rf6 33. Bb2 Rf8 34. e4 fxe4 35. fxe4 Rxf2 36. Rxf2 Nf6 37. Re2 b5 38. Kf2 a5 39. Kf3 b4 40. Ke3 a4 41. e5 Nd5+ 42. Kd2 b3 43. axb3 axb3 44. Kd1 Kh7 45. Ba1 Kg6 46. Rb2 Ra6 47. Rb1 Rxa1 48. Rxa1 b2 49. Rb1 Nc3+ 50. Kd2 Nxb1+ 51. Kc2 Kf5 0-1

[Event "Leutersdorf Muench Braeu op 08th"]
[Site "Leutersdorf"]
[Date "2003.02.13"]
[Round "3"]
[White "Roessler, Jens Hagen"]
[Black "Winkelmann, Elena"]
[Result "1/2-1/2"]
[WhiteElo "1393"]
[BlackElo "1699"]
[PlyCount "54"]
[EventDate "2003.02.12"]
[EventType "swiss"]
[EventRounds "9"]
[EventCountry "GER"]
[SourceTitle "CBM 092 Extra"]
[Source "ChessBase"]
[SourceDate "2003.03.07"]
[SourceVersion "1"]
[SourceVersionDate "2003.03.07"]
[SourceQuality "1"]

1. d4 d5 2. c4 c6 3. Nf3 e6 4. Nc3 dxc4 5. e4 b5 6. a3 Ne7 7. Be2 Ng6 8. 0-0 Be7 9. d5 Bb7 10. dxe6 fxe6 11. Nd4 Bc8 12. Bg4 e5 13. Nf5 0-0 14. Nxe7+ Qxe7 15. Bxc8 Rxc8 16. Nd5 Qe6 17. Ne3 Nd7 18. Nf5 Nc5 19. Qg4 Re8 20. Be3 Nd3 21. h4 Rab8 22. h5 Rb7 23. h6 gxh6 24. Rab1 Qf6 25. Nxh6+ Kh8 26. Bg5 Qe6 27. Nf5 a6 1/2-1/2

[Event "Leutersdorf Muench Braeu op 08th"]
[Site "Leutersdorf"]
[Date "2003.02.13"]
[Round "4"]
[White "Schiefner, Ray"]
[Black "Roessler, Jens Hagen"]
[Result "1-0"]
[WhiteElo "1683"]
[BlackElo "1393"]
[PlyCount "111"]
[EventDate "2003.02.12"]
[EventType "swiss"]
[EventRounds "9"]
[EventCountry "GER"]
[SourceTitle "CBM 092 Extra"]
[Source "ChessBase"]
[SourceDate "2003.03.07"]
[SourceVersion "1"]
[SourceVersionDate "2003.03.07"]
[SourceQuality "1"]

1. e4 e6 2. d4 d5 3. exd5 exd5 4. Bd3 Nf6 5. c3 Bd6 6. Ne2 0-0 7. Bg5 Be6 8. Qc2 h6 9. Bh4 Nbd7 10. Nd2 Qe8 11. 0-0-0 c5 12. Rde1 cxd4 13. Nxd4 Be5 14. N2f3 Bxd4 15. Nxd4 Nc5 16. Bxf6 Nxd3+ 17. Qxd3 gxf6 18. Qe3 Kh7 19. Nxe6 fxe6 20. Qxe6 Qh5 21. Qe7+ Rf7 22. Qe3 Qg6 23. g3 Rc7 24. Rd1 Rd7 25. Qe6 Rad8 26. Rd4 f5 27. Re1 Kg7 28. Qxg6+ Kxg6 29. Re6+ Kg5 30. h4+ Kh5 31. Rf6 Rd6 32. Rxf5+ Kg6 33. Rf3 Rf6 34. Rdf4 Rxf4 35. Rxf4 Rd7 36. Kd2 Rd6 37. a4 a6 38. b4 b6 39. Kd3 Rc6 40. f3 h5 41. c4 dxc4+ 42. Rxc4 Rf6 43. Ke3 Re6+ 44. Re4 Rc6 45. g4 Rc3+ 46. Kf4 hxg4 47. fxg4 Rc6 48. h5+ Kg7 49. g5 b5 50. axb5 axb5 51. Kf5 Rb6 52. Re6 Rb7 53. h6+ Kh7 54. Kf6 Kg8 55. Re8+ Kh7 56. g6+ 1-0

[Event "Leutersdorf Muench Braeu op 07th"]
[Site "Leutersdorf"]
[Date "2002.02.16"]
[Round "8"]
[White "Roessler, Jens Hagen"]
[Black "Prasse, Uwe"]
[Result "0-1"]
[WhiteElo "1368"]
[BlackElo "2032"]
[PlyCount "46"]
[EventDate "2002.02.11"]
[EventType "swiss"]
[EventRounds "9"]
[EventCountry "GER"]
[SourceTitle "CBM 086 Extra"]
[Source "ChessBase"]
[SourceDate "2002.03.14"]
[SourceVersion "1"]
[SourceVersionDate "2002.03.14"]
[SourceQuality "1"]

1. d4 g6 2. Nf3 Bg7 3. c4 d6 4. Nc3 Bg4 5. h3 Bxf3 6. exf3 Nc6 7. Be3 e5 8. Be2 exd4 9. Bxd4 Nxd4 10. 0-0 Ne7 11. Re1 0-0 12. Ne4 Nxe2+ 13. Rxe2 Re8 14. Qd2 Nc6 15. Rae1 Qd7 16. Nc5 Rxe2 17. Rxe2 Qc8 18. Ne4 Qf8 19. b3 Re8 20. Re3 Kh8 21. c5 dxc5 22. Qd7 Rd8 23. Qg4 f5 0-1